Văn hóa làng của người Ba Na K'riêm

Nội dung sách bao gồm 3 phần: Phần I: Sơ lược về người Ba Na Kriêm - địa bàn cư trú; Phần II: Văn hóa nương rẫy tỏa sáng - một thời vai trò của rẫy; Phần III: Từ nương rẫy đến mô hình trang trại...

وصف كامل

محفوظ في:
التفاصيل البيبلوغرافية
المؤلف الرئيسي: Yang, Danh
التنسيق: كتاب
اللغة:Undetermined
منشور في: Hà Nội Văn hóa Dân tộc 2010
الموضوعات:
الوسوم: إضافة وسم
لا توجد وسوم, كن أول من يضع وسما على هذه التسجيلة!
Thư viện lưu trữ: Trung tâm Học liệu Trường Đại học Cần Thơ
LEADER 01001nam a2200217Ia 4500
001 CTU_164103
008 210402s9999 xx 000 0 und d
082 |a 306.09597 
082 |b D107 
100 |a Yang, Danh 
245 0 |a Văn hóa làng của người Ba Na K'riêm 
245 0 |c Yang Danh 
260 |a Hà Nội 
260 |b Văn hóa Dân tộc 
260 |c 2010 
520 |a Nội dung sách bao gồm 3 phần: Phần I: Sơ lược về người Ba Na Kriêm - địa bàn cư trú; Phần II: Văn hóa nương rẫy tỏa sáng - một thời vai trò của rẫy; Phần III: Từ nương rẫy đến mô hình trang trại 
650 |a Culture,Văn hóa dân gian Việt Nam,Culture 
650 |x Villages 
650 |z Banar K'Riêm,Vietnam 
904 |i HPTVi,Qhieu (Tuyến sửa số pl 306.597 thành 306.09597, chưa in nhãn) 
980 |a Trung tâm Học liệu Trường Đại học Cần Thơ